Music Quiz

Random Music or Rock Quiz

'Light My Fire' Lyrics Quiz Stats

 Plays Quiz Updated Nov 19, 2015

Challenge
Share
Tweet
Embed
Score 0/207 Timer 08:00
2 Plays Today
% Correct
Light
98.9%
Light
98.9%
Light
98.9%
Light
98.9%
Light
98.9%
Light
98.9%
Light
98.9%
Light
98.9%
Fire.
98.9%
Fire.
98.9%
fire.
98.9%
Fire.
98.9%
Fire.
98.9%
fire,
98.9%
Fire.
98.9%
Fire.
98.9%
fire,
98.9%
Fire.
98.9%
Fire.
98.9%
fire.
98.9%
fire.
98.9%
fire.
98.9%
fire.
98.9%
My
98.8%
My
98.8%
My
98.8%
My
98.8%
My
98.8%
My
98.8%
My
98.8%
My
98.8%
on
96.9%
on
96.9%
on
96.9%
on
96.9%
on
96.9%
on
96.9%
on
96.9%
on
96.9%
on
96.9%
on
96.9%
on
96.9%
on
96.9%
on
96.9%
on
96.9%
on
96.9%
baby,
96.5%
baby,
96.5%
baby,
96.5%
baby,
96.5%
baby,
96.5%
baby,
96.5%
baby,
96.5%
baby,
96.5%
Come
95.8%
Come
95.8%
Come
95.8%
Come
95.8%
Come
95.8%
Come
95.8%
Come
95.8%
Come
95.8%
I
94.8%
I
94.8%
I
94.8%
I
94.8%
a
92.9%
a
92.9%
a
92.9%
% Correct
a
92.9%
You
92.9%
You
92.9%
you:
92.9%
You
92.9%
You
92.9%
you:
92.9%
the
92.8%
The
92.8%
the
92.8%
the
92.8%
The
92.8%
the
92.8%
the
92.8%
the
92.8%
the
92.8%
the
92.8%
the
92.8%
to
91.3%
to
91.3%
to
91.3%
to
91.3%
to
91.3%
to
91.3%
to
91.3%
to
91.3%
to
91.3%
to
91.3%
to
91.3%
to
91.3%
to
91.3%
to
91.3%
to
91.3%
we
87.8%
we
87.8%
we
87.8%
we
87.8%
be
87.6%
be
87.6%
be
87.6%
be
87.6%
set
84.9%
set
84.9%
set
84.9%
set
84.9%
set
84.9%
set
84.9%
set
84.9%
it
83.7%
it
83.7%
know
83.7%
know
83.7%
know
83.7%
know
83.7%
that
82.8%
that
82.8%
that
82.8%
that
82.8%
if
82.6%
if
82.6%
night
82.1%
night
82.1%
night
82.1%
night
82.1%
night
82.1%
night
82.1%
night
82.1%
would
80.6%
would
80.6%
% Correct
would
80.6%
would
80.6%
say
80.5%
say
80.5%
get
80.5%
get
80.5%
higher.
80%
higher.
80%
much
78.5%
much
78.5%
liar
77.7%
liar
77.7%
is
77.2%
is
77.2%
couldn't
76.6%
couldn't
76.6%
Try
75.8%
Try,
75.8%
Try
75.8%
Try,
75.8%
Try
75.8%
Try
75.8%
Try
75.8%
Try
75.8%
Try
75.8%
untrue.
75.8%
untrue.
75.8%
was
75.7%
was
75.7%
Girl,
74%
Girl,
74%
No
73%
No
73%
can
72.8%
can
72.8%
in
72.6%
in
72.6%
and
72.4%
and
72.4%
time
69.8%
time
69.8%
time
69.8%
time
69.8%
love
68.5%
love
68.5%
only
62.7%
funeral
62.7%
only
62.7%
funeral
62.7%
through.
61.1%
our
61.1%
through.
61.1%
our
61.1%
hesitate
60.1%
hesitate
60.1%
pyre.
59.9%
pyre.
59.9%
mire.
59%
mire.
59%
wallow
58.2%
wallow
58.2%
become
56.4%
become
56.4%
lose,
53.5%
lose,
53.5%
now;
53.2%
now;
53.2%
yeah.
43.6%
yeah.
43.6%

You're not logged in!

Compare scores with friends on all Sporcle quizzes.
Join for Free
OR
Log In

You Might Also Like...

Show Comments

Extras

Top Quizzes Today


Score Distribution

Your Account Isn't Verified!

In order to create a playlist on Sporcle, you need to verify the email address you used during registration. Go to your Sporcle Settings to finish the process.

Report this User

Report this user for behavior that violates our Community Guidelines.

Details: